1329 1955 1969 1098 1944 1256 1749 1690 1594 1143 1383 1902 1363 1635 1356 1371 1167 1903 1129 1426 1521 1958 1483 1285 1236 1654 1347 1491 1425 1752 1339 1467 1448 1643 1371 1651 1751 1161 1256 1311 1876 1112 1521 1934 1729 1728 1809 1575 1565 1835 1286 1829 1094 1270 1437 1844 1548 1535 1559 1014 1154 1356 1938 1219 1147 1440 1540 1470 1258 1985 1323 1007 1783 1940 1011 1630 1698 1128 1916 1138 1402 1497 1846 1576 1708 1800 1387 1903 1349 1512 1797 1527 1127 1129 1003 1106 1847 1348 1570 BCNSPRNW ULIB Ver.6.0+V

เปลี่ยนเป็นภาษาไทย

Change to English
 แสดงรายละเอียดบรรณานุกรม
  กลับหน้าหลัก

Brief Record : Get Marc (ISO 2709) : E-mail record : QR code < ปิดหน้าต่าง
LEADER : 00000nam 2200000uu 4500
001    13399109057
003     ULIB
008    110321s2552||||th 000 0 tha d
020    9789744141200
041 1  tha^heng
050  4 HD47.4^bค934ก 2552
100 0  แคปแลนด์, โรเบิร์ต เอส.
245 10 การวิเคราะห์ต้นทุนบนฐานกิจกรรมและเกณฑ์เวลา =^bTime-drivenactivity-based costing /^cRobert S. Kaplan ร่วมกับ Steven R. Anderson ; แปลและเรียบเรียงโดย จักร ติงศภัทิย์
246 31 Time-driven activity-based costing
250    พิมพ์ครั้งที่ 1
260    กรุงเทพฯ :^bเอ็กซเปอร์เน็ท,^c2552
300    452 หน้า :^bภาพประกอบ ;^c24 ซม.
650  7 การวิเคราะห์ต้นทุน
650  7 ต้นทุน
700 1  แอนเดอร์สัน, สตีเฟ่น อาร์
700 0  จักร ติงสภัทิย์,^eผู้แปล
945    ^p380^l0^i029830
945    ^p380^l0^i029829
995    เกษร
999 ^a ใช้งานได้ทุกระบบ
รายการนี้ยังไม่มีแท็ก
คุณยังไม่ได้ล็อกอิน คุณสามารถมีกิจกรรมร่วมกับเว็บไซต์ได้ แต่ต้องล็อกอินก่อน ::
  ล็อกอิน

รายการสื่อสารสนเทศ

ลำดับที่ ประเภท เลขเรียก/บาร์โค้ด สถานที่ สถานะ
1. การศึกษาทั่วไป
การศึกษาทั่วไป
HD47.4 ค934ก 2552 ฉ.2 
  Barcode: 029830
ห้องสมุดวิทยาเขตนครสวรรค์
►หนังสือทั่วไป:l:General Books
บนชั้น

รายการใกล้เคียง
    ผู้แต่ง [แคปแลนด์, โรเบิร์ต เอส.]

    หัวเรื่อง [การวิเคราะห์ต้นทุน]
    หัวเรื่อง [ต้นทุน]

BibComment


ยังไม่เคยถูกคอมเมนท์

คอมเมนท์ทรัพยากรรายการนี้
  คอมเมนท์: การวิเคราะห์ต้นทุ..


 Copyright 2026. Bcnsprnw @Library